Statistiques concernant Les pilotes de Formule 1 (2017)

Cliquez ici pour prendre le quiz!

Statistiques générales

  • Ce quiz a été pris 665 fois
  • Le résultat moyen est 17 sur 20

Statistiques - réponses

NationalitéEcuriePilote% Correct
Royaume-UniMercedes-BenzLewis Hamilton
100%
AllemagneFerrariSebastian Vettel
99%
FinlandeMercedes-BenzValtteri Bottas
99%
Pays-BasRed BulMax Verstappen
98%
FranceForce IndiaEsteban Ocon
97%
FinlandeFerrariKimi Räikkönen
97%
AustralieRed BullDaniel Ricciardo
96%
FranceHaasRomain Grosjean
96%
MexiqueForce IndiaSergio Pérez
96%
EspagneMcLarenFernando Alonso
94%
DanemarkHaasKevin Magnussen
91%
EspagneToro RossoCarlos Sainz Jr.
89%
CanadaWilliamsLance Stroll
89%
RussieToro RossoDaniil Kvyat
84%
AllemagneRenaultNico Hülkenberg
84%
BrésilWilliamsFelipe Massa
81%
BelgiqueMcLarenStoffel Vandoorne
67%
SuèdeSauberMarcus Ericsson
63%
Royaume-UniRenaultJolyon Palmer
47%
AllemagneSauberPascal Wehrlein
35%

Distribution des résultats

Percentile par nombre de réponses

% des personnes avec chaque résultat

Votre développement - résultats

Vous n’avez pas pris ce quiz